Analýza slovenského televízneho trhu (TV Markíza, TV Joj, STV) diplomová práca

Na minha lista:
Detalhes bibliográficos
Autor principal: Orságová, Miroslava
Autor Corporativo: Fakulta podnikového manažmentu EU. Katedra manažmentu
Outros Autores: Mišún, Juraj, 1978-
Formato: Livro
Idioma:eslovaco
Publicado em: Bratislava 2011
Tags: Adicionar Tag
Sem tags, seja o primeiro a adicionar uma tag!

MARC

LEADER 00000nbm a2200000 4500
001 0131602
005 20161109101718.0
041 0 |a slo 
044 |a SK 
245 1 0 |a Analýza slovenského televízneho trhu (TV Markíza, TV Joj, STV)  |b diplomová práca  |c Miroslava Orságová ; školiteľ: Juraj Mišún 
264 1 |a Bratislava  |c 2011 
300 |a 84 s. 
100 1 |a Orságová, Miroslava 
700 1 |a Mišún, Juraj, 1978- 
710 2 |a Fakulta podnikového manažmentu EU. Katedra manažmentu